000 00431nam a2200133Ia 4500
008 210210b1968 xxu||||| |||| 00| 0 eng d
082 _a307.76 LANH
100 _aLANDSBERGER (Henry A).
245 _aHawthorne revisited management and the worker, its critics, and developments in human relations in industry.
260 _aNew York.
_bCornell University.,
_c1968
300 _avi,119
690 _aUrban Sociology
906 _a041829
999 _c91870
_d91870